La Casa Di Velluto E Cristallo

I tiakina i:
Ngā taipitopito rārangi puna kōrero
Kaituhi matua: Katherine Howe
Hōputu: Pukapuka
Reo:Undetermined
I whakaputaina: Salani Editori
Ngā Tūtohu: Tāpirihia he Tūtohu
Kāore He Tūtohu, Me noho koe te mea tuatahi ki te tūtohu i tēnei pūkete!

MARC

LEADER 00000nam a2200000Ia 4500
001 R-1293
003 CODICE-MESSINA
005 20260212102505.0
008 260211s9999 xx 000 0 und d
040 |c importazione_messina 
100 |a Katherine Howe 
245 0 |a La Casa Di Velluto E Cristallo 
260 |b Salani Editori 
942 |2 ddc  |c BK 
952 |0 0  |1 0  |2 ddc  |4 0  |6 SCAFFALE_12_000000000000000__ROMANZI  |7 0  |9 32126  |a ME  |b ME  |d 2026-02-11  |l 0  |o SCAFFALE 12 - ROMANZI  |p R-1293  |r 2026-02-11 23:52:59  |w 2026-02-11  |x [REVISIONARE]  |y BK 
999 |c 27793  |d 27793